000 01396cam a2200361 a 4500
001 1633237
003 OSt
005 20191231141631.0
008 960209s1996 ii b 001 0 eng
010 _a 96006134
020 _a0803993099 (US)
020 _a0803993420 (US : pbk.)
020 _a8170365465 (India)
020 _a8170365813 (India : pbk.)
040 _aDLC
_coclc
_dDLC
043 _aa-ii---
050 0 0 _aHB171
_b.K826 1996
082 0 0 _a330
_220
_bKUR/R
100 _aKurien, C T
_9532
245 1 0 _aRethinking Economics :
_bReflections based on a study of the Indian economy /
_cC.T. Kurien.
260 _aNew Delhi ;
_aThousand Oaks, Calif. :
_bSage Publications,
_c1996.
300 _a272 p
_c22 cm.
504 _aIncludes bibliographical references (p. [255]-262) and index.
650 0 _aEconomics.
650 0 _aEconomic policy.
651 0 _aIndia
_xEconomic policy
_y1947-
651 0 _aIndia
_xEconomic conditions
_y1947-
856 4 2 _3Publisher description
_uhttp://www.loc.gov/catdir/enhancements/fy0657/96006134-d.html
856 4 1 _3Table of contents only
_uhttp://www.loc.gov/catdir/enhancements/fy0657/96006134-t.html
906 _a7
_bcbc
_corignew
_d1
_eocip
_f19
_gy-gencatlg
942 _2ddc
_cBK
_h330
_iKUR/R
_k330
_mKUR/R
999 _c10548
_d10548